Indian Diay;Sidney and Beatrice Webb (Record no. 415135)

000 -LEADER
fixed length control field 00494cam a22001337a 4500
008 - FIXED-LENGTH DATA ELEMENTS--GENERAL INFORMATION
fixed length control field 180718b1987 xxu||||| |||| 00| 0 eng d
020 ## - INTERNATIONAL STANDARD BOOK NUMBER
International Standard Book Number 19 562007 0
082 ## - DEWEY DECIMAL CLASSIFICATION NUMBER
Classification number A99 J334s
245 ## - TITLE STATEMENT
Title Indian Diay;Sidney and Beatrice Webb
Statement of responsibility, etc. edited by Niraja Gopal Jayal
260 ## - PUBLICATION, DISTRIBUTION, ETC.
Place of publication, distribution, etc. Delhi
Name of publisher, distributor, etc. Oxford University
Date of publication, distribution, etc. 1987
300 ## - PHYSICAL DESCRIPTION
Extent xlviii,222p
650 ## - SUBJECT ADDED ENTRY--TOPICAL TERM
Topical term or geographic name entry element Webb, Sidney, 1859-1947 -Travel -India.Webb, Beatrice Potter, 1858-1943 -Travel -India.India -Description and travel.
700 ## - ADDED ENTRY--PERSONAL NAME
Personal name Jayal, Niraja Gopal.ed
Holdings
Withdrawn status Lost status Damaged status Not for loan Permanent Location Current Location Date acquired Full call number Barcode Date last seen Price effective from Koha item type
        Indian Institute of Public Administration Indian Institute of Public Administration 2009-03-02 A99 J334s 63075 2018-07-21 2018-07-21 Book

Powered by Koha